ՀՀ Գիտությունների ազգային ակադեմիայի հիմնարար գիտական գրադարան  =   Fundamental Scientific Library of NAS RA

The Categories. On interpretation. Prior analytics / (Record no. 536326)

MARC details
000 -LEADER
fixed length control field 00765nam a2200241 a 4500
001 - CONTROL NUMBER
control field 2028561
003 - CONTROL NUMBER IDENTIFIER
control field AM-YEHGA
005 - DATE AND TIME OF LATEST TRANSACTION
control field 20250922160056.0
008 - FIXED-LENGTH DATA ELEMENTS--GENERAL INFORMATION
fixed length control field 250819s1962 mau|||||||||||||||0|eng|d
040 ## - CATALOGING SOURCE
Original cataloging agency AM-YeHGA
041 1# - LANGUAGE CODE
Language code of text/sound track or separate title eng
Language code of original grc
100 0# - MAIN ENTRY--PERSONAL NAME
Personal name Aristotle
245 14 - TITLE STATEMENT
Title The Categories. On interpretation. Prior analytics /
Statement of responsibility, etc. Aristotle ; Translated by H.P. Cook, H. Tredennick.
260 ## - PUBLICATION, DISTRIBUTION, ETC.
Place of publication, distribution, etc. Cambridge, Mass. :
Name of publisher, distributor, etc. Harvard University press ;
Place of publication, distribution, etc. London :
Name of publisher, distributor, etc. W. Heinemann Ltd.,
Date of publication, distribution, etc. 1962.
300 ## - PHYSICAL DESCRIPTION
Extent VII, 542 p.
490 1# - SERIES STATEMENT
Series statement The Loeb classical library. [Greek authors]
504 ## - BIBLIOGRAPHY, ETC. NOTE
Bibliography, etc. note Bibliogr.: p. 196
650 14 - SUBJECT ADDED ENTRY--TOPICAL TERM
Topical term or geographic name entry element Logic
700 1# - ADDED ENTRY--PERSONAL NAME
Personal name Cook, Harold P.
Relator term trl
700 1# - ADDED ENTRY--PERSONAL NAME
Personal name Tredennick, Hugh
Relator term trl
830 #0 - SERIES ADDED ENTRY--UNIFORM TITLE
Uniform title Loeb classical library
942 ## - ADDED ENTRY ELEMENTS (KOHA)
Source of classification or shelving scheme Universal Decimal Classification
Koha item type Գրքեր / Books
Holdings
Withdrawn status Lost status Damaged status Not for loan Collection Home library Current library Date acquired Total checkouts Total renewals Full call number Barcode Date due Date last seen Date last checked out Price effective from Koha item type Public note
        General Fundamental Scientific Library Fundamental Scientific Library 19/08/2025 1 1 И I/15611 FL0695431 10/11/2025 11/09/2025 11/09/2025 10/09/2025 Գրքեր / Books 30 Days Loan


ՀՀ ԳԱԱ հիմնարար գիտական գրադարան
ՀՀ,Երևան 0019
Մարշալ Բաղրամյան 24/6
հեռախոս:(374-10) 52-47-50
Հետադարձ կապ

All site content, except where otherwise noted, is licensed under a
Creative Commons License